[Event "Young Stars of the World"]
[Site "Kirishi RUS"]
[Date "2009.05.20"]
[Round "11"]
[White "Fedoseev,Vl3"]
[Black "Stukopin,A"]
[Result "1/2-1/2"]
[WhiteElo "2318"]
[BlackElo "2380"]

1.e4 c5 2.Ne2 e6 3.Nbc3 a6 4.d4 cxd4 5.Nxd4 Qc7 6.Bd3 Nc6 7.Nf3 Nf6 8.O-O Be7
9.Re1 d6 10.b3 O-O 11.Bb2 b6 12.Ne2 d5 13.Ng3 dxe4 14.Nxe4 Nxe4 15.Bxe4 Bb7
16.c4 Rad8 17.Qe2 Rd7 18.Ne5 Nxe5 19.Bxe5 Bd6 20.Bxh7+ Kxh7 21.Qh5+ Kg8 22.Bxg7 Kxg7
23.Qg5+ Kh8 24.Qh5+ Kg8 25.Qg4+ Kh8 26.Qh4+ Kg8 27.Qg5+ Kh8 28.Qh6+ Kg8 29.Qg5+  1/2-1/2

[Event "18th CRO-Cup"]
[Site "Sibenik CRO"]
[Date "2009.05.20"]
[Round "1"]
[White "Rogic,D"]
[Black "Perkovic,I"]
[Result "1-0"]
[WhiteElo "2523"]
[BlackElo "2095"]

1.e4 c5 2.Nf3 a6 3.Nc3 e6 4.d4 cxd4 5.Nxd4 Nc6 6.Be2 Qc7 7.O-O Nf6 8.Be3 Be7
9.a4 O-O 10.f4 d6 11.Kh1 Bd7 12.Nb3 b6 13.Bf3 Rac8 14.Qe2 Nb4 15.Rad1 Bc6
16.Nd4 Ba8 17.Bf2 Rfe8 18.Bg3 Nd7 19.e5 dxe5 20.fxe5 Bc5 21.Be4 Nf8 22.Nf3 Be7
23.Nd2 Bg5 24.Bxa8 Bxd2 25.Rxd2 Rxa8 26.Ne4 Ra7 27.Nd6 Re7 28.Bh4 Rd7 29.Qg4 Nd5
30.Ne8 f5 31.exf6 Ne3 32.Nxc7 Nxg4 33.Rxd7 gxf6 34.Rd4 Ne3 35.Rxf6 Rxc7 36.Rd8 Rf7
37.Rxf7 Kxf7 38.Bf2 Nxc2 39.Bxb6 Ng6 40.Rd7+ Kg8 41.Bc5 Na1 42.b4 Nb3 43.Rd3 Nc1
44.Rd6  1-0

[Event "18th CRO-Cup"]
[Site "Sibenik CRO"]
[Date "2009.05.20"]
[Round "1"]
[White "Zufic,M"]
[Black "Prlac,V"]
[Result "1-0"]
[WhiteElo "2439"]
[BlackElo "2128"]

1.e4 c5 2.Nf3 e6 3.d4 cxd4 4.Nxd4 a6 5.Nc3 Qc7 6.Bd3 Nf6 7.O-O d6 8.Kh1 Be7
9.f4 O-O 10.Qe2 Nbd7 11.Bd2 b5 12.Rae1 Bb7 13.e5 Nd5 14.Qh5 g6 15.Qh6 Rfe8
16.Bxg6 hxg6 17.Nxe6 Bf8 18.Nxc7 Bxh6 19.N3xd5 Bxd5 20.Nxd5 Rac8 21.exd6 Rxe1
22.Rxe1 Rxc2 23.Bc3 Bf8 24.g3 f5 25.Nb4 Rf2 26.Kg1  1-0

[Event "8th Asian Continental Women"]
[Site "Subic Bay PHI"]
[Date "2009.05.22"]
[Round "10"]
[White "Zhang Jilin"]
[Black "Swathi,G"]
[Result "1-0"]
[WhiteElo "2335"]
[BlackElo "2330"]

1.e4 c5 2.Nf3 e6 3.d4 cxd4 4.Nxd4 a6 5.Nc3 Qc7 6.Be2 d6 7.O-O Nf6 8.f4 Be7
9.Kh1 Nc6 10.Be3 O-O 11.Qe1 Nxd4 12.Bxd4 b5 13.a3 Bb7 14.Qg3 Rae8 15.Rac1 Bd8
16.e5 dxe5 17.Bxe5 Qb6 18.Bf3 g6 19.Rcd1 Bxf3 20.Qxf3 Be7 21.Bd4 Qb8 22.Ne4 Nxe4
23.Qxe4 Rd8 24.h3 Rd7 25.Rd3 Rfd8 26.Be5 Qb6 27.Rfd1 Rxd3 28.Rxd3 Rxd3 29.Qxd3 Qc6
30.Qd4 Qxc2 31.Qa7 Qd1+ 32.Kh2 Bd8 33.Qxa6 Qd7 34.Qa8 Kf8 35.Bf6 Ke8 36.Qb8 Qc7
37.Qxb5+ Kf8 38.Qe5  1-0

[Event "Global Chess"]
[Site "Ulan Bator MGL"]
[Date "2009.05.22"]
[Round "6"]
[White "Myagmarsuren,L"]
[Black "Khatanbaatar,B"]
[Result "0-1"]
[WhiteElo "2198"]
[BlackElo "2403"]

1.e4 c5 2.Nf3 e6 3.d4 cxd4 4.Nxd4 a6 5.Nc3 Qc7 6.Be2 b5 7.O-O Bb7 8.a3 Nf6
9.Bf3 d6 10.g3 Nbd7 11.Bg2 Be7 12.h3 O-O 13.g4 Nb6 14.Nde2 d5 15.exd5 Nfxd5
16.Nxd5 Bxd5 17.Bxd5 Nxd5 18.c3 Rfd8 19.Qc2 Rac8 20.Ng3 Bd6 21.Kg2 Qc6 22.Qe4 Bxg3
23.Kxg3 f5 24.Qe5 Nf6 25.f3 Rd5 26.Qe2 Rcd8 27.Be3 e5 28.gxf5 Qd7 29.Rae1 Qxf5
30.Bc1 Nh5+ 31.Kh2 Nf4 32.Bxf4 Qxf4+ 33.Kh1 Rd2 34.Qxe5 Rh2+ 35.Kg1 Rdd2  0-1

[Event "8th Asian Continental Women"]
[Site "Subic Bay PHI"]
[Date "2009.05.23"]
[Round "11"]
[White "Xu Huahua"]
[Black "Pourkashiyan,A"]
[Result "0-1"]
[WhiteElo "2093"]
[BlackElo "2273"]

1.e4 c5 2.Nf3 e6 3.d4 cxd4 4.Nxd4 a6 5.Nc3 Qc7 6.g3 Bb4 7.Ne2 Nf6 8.Bg2 Nc6
9.O-O Be7 10.Nd4 d6 11.Nxc6 bxc6 12.Re1 Bb7 13.b3 O-O 14.Bb2 Rfd8 15.Qe2 d5
16.e5 Nd7 17.f4 g6 18.Rad1 Bb4 19.a3 Be7 20.Kh1 c5 21.g4 Re8 22.Qf2 Bf8 23.Ne2 Rac8
24.Qg3 Bg7 25.Ng1 a5 26.Nf3 d4 27.Ng5 Nb6 28.Bxb7 Qxb7+ 29.Kg1 Red8 30.Ne4 Qc6
31.Bc1 c4 32.f5 cxb3 33.cxb3 d3 34.f6 Bf8 35.Qh3 Qb5 36.Bh6 Bxa3 37.Bg7 Qxe5
38.Qg2 Qd4+ 39.Kh1 Rc2 40.Qh3 Re2 41.Qf3 Rxe1+ 42.Rxe1 Nd5 43.g5 Bb4 44.Rg1 d2
45.Nf2 Ne3 46.Nd1 Nxd1 47.Rxd1 Qd5  0-1

[Event "Doroshkevicha Mem"]
[Site "Belorechensk RUS"]
[Date "2009.05.24"]
[Round "2"]
[White "Kondrashov,K"]
[Black "Kornilov,P"]
[Result "0-1"]
[WhiteElo "1815"]
[BlackElo "2105"]

1.e4 c5 2.Nf3 e6 3.d4 cxd4 4.Nxd4 a6 5.Nc3 Qc7 6.Be3 Bb4 7.Qd2 Nf6 8.f3 d5
9.exd5 Nxd5 10.Nde2 Nxe3 11.Qxe3 O-O 12.O-O-O Bc5 13.Qg5 Be7 14.Qg3 Qa5 15.Nd4 Bf6
16.Nb3 Qg5+ 17.Qxg5 Bxg5+ 18.Kb1 b5 19.Bd3 Nd7 20.Ne4 Be7 21.h4 Ne5 22.Be2 Ra7
23.g3 Rc7 24.Rhe1 Bb7 25.Rf1 Bd5 26.Nc3 Bc4 27.Bxc4 Nxc4 28.Rd3 Bf6 29.f4 Nxb2
30.Kxb2 b4 31.Rfd1 Bxc3+ 32.Kb1 e5 33.fxe5 Bxe5 34.Nc1 h6 35.Ne2 Rfc8 36.Rd8+ Kh7
37.Rxc8 Rxc8 38.Rd3 Rc4 39.Re3 f6 40.h5 g6 41.hxg6+ Kxg6 42.Nc1 Kf5 43.Nd3 Bc3
44.Rf3+ Kg4 45.Re3 a5 46.Kc1 h5 47.Kd1 Kg5 48.Re8 Rg4 49.Nf2 Rd4+ 50.Nd3 Rd5
51.Rg8+ Kh6 52.Re8 Be5 53.Ke2 Bxg3 54.Kf3 h4 55.Rh8+ Kg7 56.Rc8 Rg5 57.Nc5 Kf7
58.Rc6 Be5 59.Nd3 h3 60.Nxe5+ Rxe5 61.Kg3 Re3+ 62.Kh2 Rc3 63.Rxc3 bxc3 64.Kxh3 Ke6
65.Kg3 Kd5 66.Kf4 Kd4 67.Kf3 Kc4 68.a3 Kd4 69.Kf4 f5 70.Kf3 Ke5 71.Ke3 a4
72.Kf3 f4 73.Kf2 Ke4 74.Ke2 f3+ 75.Kf2 Kf4 76.Kf1 Ke3 77.Ke1 f2+ 78.Kf1 Kd2  0-1

[Event "VI Moncada Open"]
[Site "Santiago de Cuba CUB"]
[Date "2009.05.24"]
[Round "8"]
[White "Larduet Despaigne,C"]
[Black "Vega Bizet,F"]
[Result "1-0"]
[WhiteElo "2350"]
[BlackElo "2277"]

1.e4 c5 2.Nf3 e6 3.d4 cxd4 4.Nxd4 a6 5.Nc3 Qc7 6.Bd3 Nf6 7.O-O Bd6 8.Kh1 h5
9.f4 Ng4 10.Qe2 Bc5 11.Nb3 Ba7 12.e5 d5 13.exd6 Qxd6 14.Ne4 Qc7 15.Bd2 Nd7
16.Bb4 Ndf6 17.Nd6+ Kd8 18.c4 Qe7 19.a3 Qc7 20.Rad1 Ne3 21.Nxf7+ Qxf7 22.Bg6+ Qd7
23.Rxd7+ Bxd7 24.Rf3 Nfg4 25.Nc5 a5 26.Bxa5+ b6 27.Qd2  1-0

[Event "18th CRO-Cup"]
[Site "Sibenik CRO"]
[Date "2009.05.24"]
[Round "5"]
[White "Krstic,U"]
[Black "Saric,A"]
[Result "1/2-1/2"]
[WhiteElo "2376"]
[BlackElo "2502"]

1.e4 c5 2.Nf3 e6 3.d4 cxd4 4.Nxd4 a6 5.Nc3 b5 6.Be2 Bb7 7.Bf3 Nc6 8.Nxc6 Bxc6
9.O-O Qb8 10.Re1 Bd6 11.g3 Ne7 12.Ne2 f5 13.Nd4 Bxe4 14.Bxe4 fxe4 15.Qh5+ Ng6
16.Rxe4 O-O 17.Bd2 Qb7 18.Rae1 Rac8 19.a3 Rc4 20.c3 Rc5 21.Qh3 Rcf5 22.R1e2 Bc5
23.Qg2 Qa7 24.Be3 Qa8 25.f4 Ne7 26.Bf2 Nc6  1/2-1/2

[Event "Doroshkevicha Mem"]
[Site "Belorechensk RUS"]
[Date "2009.05.26"]
[Round "4"]
[White "Skorchenko,D"]
[Black "Papin,V"]
[Result "1/2-1/2"]
[WhiteElo "2492"]
[BlackElo "2462"]

1.e4 c5 2.Nf3 e6 3.d4 cxd4 4.Nxd4 a6 5.Nc3 b5 6.Bd3 Qb6 7.Nb3 Qc7 8.O-O Bb7
9.f4 d6 10.Qe2 Nd7 11.Bd2 Be7 12.Rae1 Bh4 13.Rd1 Be7 14.Rde1 Bh4  1/2-1/2

[Event "ch-UKR w"]
[Site "Evpatoria UKR"]
[Date "2009.05.26"]
[Round "4"]
[White "Krasiuk,K"]
[Black "Andrenko,I"]
[Result "1/2-1/2"]
[WhiteElo "2035"]
[BlackElo "2201"]

1.e4 c5 2.Nf3 e6 3.d4 cxd4 4.Nxd4 a6 5.Nc3 Nc6 6.Be3 Qc7 7.Bd3 Nf6 8.O-O b5
9.a3 Bb7 10.Kh1 Ne5 11.h3 Nc4 12.Bxc4 Qxc4 13.e5 Nd5 14.Nxd5 Qxd5 15.Nf3 Rc8
16.c3 d6 17.exd6 Bxd6 18.Qxd5 Bxd5 19.Nd4 O-O 20.Rfd1 Rfd8 21.Rd2 Be7 22.Nc2 a5
23.Rad1 Rd7 24.Bb6 Bd8 25.Be3 Rb7 26.Bf4 g5 27.Bg3 Bf6 28.Ne3 Bc6 29.Ng4 Kg7
30.Nxf6 Kxf6 31.Kg1 Bd5 32.f3 a4 33.Re1 Kg6 34.Kf2 h5 35.Bd6 Rd7 36.Bb4 f5
37.Ba5 Rc4 38.Bb6 Rf7 39.Bd4 h4 40.Rg1 g4 41.Re2 Rc8 42.Re5 Rc4 43.Re2 Rc8
44.Re5  1/2-1/2

[Event "3rd ENCI Limburg Open"]
[Site "Maastricht NED"]
[Date "2009.05.31"]
[Round "5"]
[White "Breuker,D"]
[Black "Hilverda,A"]
[Result "0-1"]
[WhiteElo "2081"]
[BlackElo "2197"]

1.e4 c5 2.Nf3 e6 3.d4 cxd4 4.Nxd4 a6 5.Nc3 Qc7 6.Bd3 Nf6 7.O-O Nc6 8.Be3 Ne5
9.Nb3 Neg4 10.g3 Nxe3 11.fxe3 Bd6 12.Qf3 Be5 13.a4 Bxc3 14.bxc3 d6 15.e5 dxe5
16.Nd2 O-O 17.Qg2 Qxc3 18.Rad1 e4 19.Nxe4 Nxe4 20.Qxe4 f5 21.Qh4 Bd7 22.Bc4 Qxe3+
23.Rf2 Bxa4 24.Bxe6+ Qxe6 25.Qxa4 b5 26.Qb3 Qxb3 27.cxb3 g6 28.Ra2 Rf6 29.b4 Rc8
30.Rd7 Re6 31.Ra7 Rec6 32.R7xa6 Rxa6 33.Rxa6 Rc4 34.Ra7 Rxb4 35.Kg2 Rb2+
36.Kh3 g5 37.g4 Rb3+ 38.Kg2 fxg4 39.Rb7 h5 40.Kf2 h4  0-1

[Event "XXXI Nezhmetdinov Mem"]
[Site "Kazan RUS"]
[Date "2009.06.01"]
[Round "2"]
[White "Sadykov,Ra"]
[Black "Gerasimov,I"]
[Result "0-1"]
[WhiteElo "2168"]
[BlackElo "2346"]

1.e4 c5 2.Nf3 e6 3.d4 cxd4 4.Nxd4 a6 5.Nc3 d6 6.Be3 Nf6 7.Bd3 b5 8.a3 Bb7
9.O-O Nbd7 10.f4 h5 11.h3 Rc8 12.Qf3 Be7 13.Rae1 Rxc3 14.bxc3 Qa8 15.Qg3 h4
16.Qxg7 Rg8 17.Qh6 Nxe4 18.Nf3 Ng3 19.Bh7 Rh8 20.Bd4 Nf5 21.Qh5 Bxf3 22.Rxf3 Nxd4
23.cxd4 Nf8 24.f5 Rxh7 25.Qg4 Qd5 26.f6 Bd8 27.Rf5 Qc4 28.Qe4 Kd7 29.Rf3 d5
30.Qg4 Bb6 31.c3 Qc6 32.Qg8 Qd6 33.Re5 Qxe5 34.Qxf8 Qe4 35.Rf1 Qe3+ 36.Kh1 Bc7
37.Qa8 Qg3 38.Kg1 Qh2+ 39.Kf2 Rh5 40.Ke3 Qg3+  0-1

[Event "ch-Mayo Nacional"]
[Site "Buga COL"]
[Date "2009.06.03"]
[Round "1"]
[White "Morales,Jo"]
[Black "Ruiz Aguilar,P"]
[Result "1/2-1/2"]
[WhiteElo "2316"]
[BlackElo "2212"]

1.e4 c5 2.Nf3 e6 3.d4 cxd4 4.Nxd4 a6 5.Nc3 Qc7 6.Bd3 Nf6 7.O-O Nc6 8.Be3 Ne5
9.Nf3 d6 10.Na4 Bd7 11.Nb6 Rd8 12.Nxd7 Rxd7 13.Nxe5 dxe5 14.Qe2 Be7 15.Rfd1 O-O
16.c3 Rfd8 17.Bc2 Rxd1+ 18.Rxd1 Rxd1+ 19.Qxd1 Qc4 20.a3 Nxe4 21.Qd7 Bf8 22.Bd3 Qd5
23.Qxd5 exd5 24.c4 Nf6 25.cxd5 Nxd5 26.Be4 Nxe3 27.fxe3 b6 28.Kf2 g6 29.Kf3 f5
30.Bd5+ Kg7 31.e4 Bc5 32.Bb7 a5 33.a4 Bg1 34.h3  1/2-1/2

[Event "ch-Mayo Nacional"]
[Site "Buga COL"]
[Date "2009.06.04"]
[Round "2"]
[White "Ruiz Aguilar,P"]
[Black "Zuluaga,C"]
[Result "1-0"]
[WhiteElo "2212"]
[BlackElo "2314"]

1.e4 c5 2.Nf3 e6 3.d4 cxd4 4.Nxd4 a6 5.Nc3 Qc7 6.Bd3 Nf6 7.O-O Nc6 8.Nxc6 dxc6
9.f4 Bc5+ 10.Kh1 e5 11.f5 b5 12.Bg5 Qd6 13.Qe2 h6 14.Bh4 Bb7 15.Rad1 Qc7
16.Bxf6 gxf6 17.a4 Bd4 18.axb5 axb5 19.Ra1 Ke7 20.Rxa8 Bxa8 21.Nd1 Qa7 22.c3 Bb6
23.Qc2 Bb7 24.Be2 Qa4 25.b3 Qa7 26.g3 Rd8 27.Kg2 Qa3 28.Kf3 b4 29.Ne3 Bxe3
30.Kxe3 Qa7+ 31.Kf3 bxc3 32.Qxc3 Rd4 33.Ra1 Qb6 34.Bd3 c5 35.Ra4 Rd8 36.Kg4 Qd6
37.Bc2 Kf8 38.Rc4 Ba6 39.Rxc5 Qd2 40.Qxd2 Rxd2 41.h3 Be2+ 42.Kh4 Bf1 43.g4 Rh2
44.Rc3 Bxh3 45.Kg3 Rh1 46.Bd3 Bf1 47.Rc8+ Ke7 48.Bxf1 Rxf1 49.Rc7+ Ke8 50.b4 Rb1
51.Rb7 Rb3+ 52.Kf2 Kf8 53.b5 Kg7 54.b6 Kf8 55.Rb8+ Kg7 56.Ke2 Kh7 57.Kd2 Kg7
58.Kc2 Rb4 59.Kc3 Rb1 60.Kc4 Rc1+ 61.Kd5 Rd1+ 62.Kc6 Rc1+ 63.Kd7 Rd1+ 64.Kc7 Rc1+
65.Kb7 Rc4 66.Rc8 Rxe4 67.Rc5 Rb4 68.Kc7 e4 69.b7 e3 70.b8=Q Rxb8 71.Kxb8 h5
72.gxh5 Kh6 73.Kc7 Kxh5 74.Rc3 Kg4 75.Rxe3 Kxf5 76.Kd6 Kf4 77.Re1 f5 78.Kd5 Kg3
79.Rg1+ Kf2 80.Rg5 f4 81.Ke4 f6 82.Rf5  1-0

[Event "ch-Mayo Nacional"]
[Site "Buga COL"]
[Date "2009.06.05"]
[Round "4"]
[White "Morales,Jo"]
[Black "Zuluaga,C"]
[Result "0-1"]
[WhiteElo "2316"]
[BlackElo "2314"]

1.e4 c5 2.Nf3 e6 3.d4 cxd4 4.Nxd4 a6 5.Nc3 Qc7 6.g3 Nf6 7.Bg2 Nc6 8.O-O d6
9.Re1 Bd7 10.Nxc6 bxc6 11.Na4 e5 12.c4 Be6 13.c5 dxc5 14.Qc2 c4 15.Bf1 Bb4
16.Rd1 Bg4 17.Be2 Bxe2 18.Qxe2 Qa5 19.Qc2 O-O 20.a3 Bc5 21.Bd2 c3 22.Bxc3 Qb5
23.Nxc5 Qxc5 24.Qd3 Rfe8 25.Kg2 h6 26.Bb4 Qb5 27.Qxb5 cxb5 28.f3 Rec8 29.Rac1 Nh7
30.Rxc8+ Rxc8 31.Bc3 f6 32.Rd6 Ra8 33.f4 exf4 34.gxf4 Nf8 35.f5 Kf7 36.Bd4 Ke7
37.Bc5 Kf7 38.Kf3 h5 39.h4 Ke8 40.Kf4 Nd7 41.Re6+ Kd8 42.Be7+ Kc7 43.Bd6+ Kb7
44.Re7 Kc6 45.e5 Rg8 46.Ke4 g6 47.e6 Nb6 48.Bh2 gxf5+ 49.Kxf5 Nd5 50.Rd7 Rg2
51.Rd6+ Kc5 52.b4+ Kd4 53.Be5+ fxe5 54.e7 Rg8 55.Rd8 e4 56.Ke6 Rg6+ 57.Kf5 Rf6+
58.Kg5 Re6 59.e8=Q Rxe8 60.Rxe8 e3 61.Kf5 Kd3 62.Rd8 Kc4 63.Ke4 e2 64.Rc8+ Kb3
65.Rc1 Nc3+ 66.Kd3 Na2 67.Rg1 Kxa3 68.Kxe2 Kxb4 69.Rg5 Kc4 70.Rxh5 a5 71.Re5 Nc3+
72.Kd2 a4 73.Re7 Kb3 74.Re3 b4 75.Re7 a3 76.Ra7 a2 77.Kc1 Nb1  0-1

[Event "Maia Chiburdanidze Cup"]
[Site "Tbilisi GEO"]
[Date "2009.06.05"]
[Round "1"]
[White "Ionica,I"]
[Black "Kankia,M"]
[Result "1-0"]
[WhiteElo "2266"]
[BlackElo "1743"]

1.e4 c5 2.Nf3 e6 3.d4 cxd4 4.Nxd4 a6 5.Nc3 Nc6 6.g3 Nge7 7.Bg2 Nxd4 8.Qxd4 Nc6
9.Qe3 b5 10.O-O Qc7 11.a4 b4 12.Nd5 Qa5 13.Qf4 exd5 14.exd5 Na7 15.d6 Nc6
16.Re1+ Kd8 17.Bxc6 dxc6 18.Qxf7 Bd7 19.Bg5+ Qxg5 20.Re8+  1-0

[Event "OKU"]
[Site "Utrecht NED"]
[Date "2009.06.05"]
[Round "1"]
[White "Sanijs,F"]
[Black "Giri,A"]
[Result "0-1"]
[WhiteElo "2025"]
[BlackElo "2517"]

1.e4 c5 2.Nf3 e6 3.d4 cxd4 4.Nxd4 a6 5.Nc3 Qc7 6.Be2 Nc6 7.O-O Nf6 8.Kh1 Be7
9.Be3 O-O 10.f4 d6 11.a4 Bd7 12.Nb3 b6 13.Bf3 Bc8 14.Qe2 Bb7 15.Rad1 Rfe8
16.Qf2 Nd7 17.Rfe1 Rab8 18.Bc1 Nc5 19.Nd2 Ba8 20.Nc4 b5 21.axb5 axb5 22.Ne3 b4
23.Ne2 Na5 24.Ng3 Bh4 25.Nef1 b3 26.c3 e5 27.f5 Nc4 28.Qe2 d5 29.exd5 Nd6
30.Bh5 e4 31.Ne3 Bb7 32.Qg4 Bf6 33.Qh3 Bg5 34.Be2 f6 35.Qg4 Bc8 36.h4 Bh6
37.Nh5 Kh8 38.Nf4 Bxf4 39.Qxf4 Bd7 40.g4 Nd3 41.Bxd3 exd3 42.Rxd3 Re4 43.Qg3 Rbe8
44.Rdd1 Qc5 45.Ng2 Rxe1+ 46.Rxe1 Qxd5 47.Bf4 Nc4 48.Bc1 Rxe1+ 49.Qxe1 Bc6
50.Qe2 Ne5 51.g5 Nd3 52.gxf6 gxf6 53.Bh6 Qxg2+  0-1

[Event "OKU"]
[Site "Utrecht NED"]
[Date "2009.06.05"]
[Round "1"]
[White "Uildriks,M"]
[Black "Miezis,N"]
[Result "0-1"]
[WhiteElo "2032"]
[BlackElo "2579"]

1.e4 c5 2.Nf3 e6 3.d4 cxd4 4.Nxd4 a6 5.Nc3 Qc7 6.Be2 b5 7.O-O Bb7 8.a3 Nf6
9.Bf3 Nc6 10.Re1 Ne5 11.Bf4 d6 12.Bg3 Be7 13.Qd2 h5 14.Bxe5 dxe5 15.Nde2 Rc8
16.Nc1 g5 17.Nd3 g4 18.Bd1 Rg8 19.Qh6 Rg6 20.Qe3 h4 21.Kh1 Bd6 22.f3 Ke7
23.fxg4 Nxg4 24.Qh3 Rcg8 25.Qxh4+ Ke8 26.h3 Rh6 27.Qg3 f5 28.Bf3 f4 29.Qxg4 Rxg4
30.Bxg4 Qg7 31.Kg1 Bc7 32.Nd1 Bb6+ 33.N1f2 Qc7 34.Re2 Ke7 35.Kh2 Rh8 36.Bf3 Rg8
37.Ng4 Rg5 38.Rc1 a5 39.c3 Qb8 40.b3 Bc6 41.c4 bxc4 42.bxc4 Bd4 43.Ngf2 Qb3
44.Rcc2 Ba4 45.h4 Rg8 46.c5 Qxc2 47.Rxc2 Bxc2 48.h5 Rd8 49.Kh3 Bxd3 50.Nxd3 Kf6
51.g4 fxg3 52.Kxg3 Rb8 53.Bd1 Rc8 54.Ba4 Bxc5 55.Nxc5 Rxc5 56.Be8  0-1

[Event "OKU"]
[Site "Utrecht NED"]
[Date "2009.06.06"]
[Round "4"]
[White "Sanijs,F"]
[Black "Post,Maa"]
[Result "1-0"]
[WhiteElo "2025"]
[BlackElo "1938"]

1.e4 c5 2.Nf3 e6 3.d4 cxd4 4.Nxd4 a6 5.Nc3 b5 6.f4 d6 7.Bd3 Bb7 8.Qf3 Nd7
9.O-O Ngf6 10.Kh1 Qc7 11.Bd2 Be7 12.Rae1 g6 13.a3 h5 14.Qg3 h4 15.Qh3 Nc5
16.b4 Nxd3 17.cxd3 Kd7 18.a4 bxa4 19.Nxa4 Nh5 20.Rc1 Qd8 21.Rf2 Rc8 22.Be3 Rxc1+
23.Bxc1 d5 24.Nb3 Bxb4 25.Bb2 Rg8 26.Nac5+ Bxc5 27.Nxc5+ Ke8 28.Rc2 Bc8 29.Qe3 Nf6
30.Qd4 Nh5 31.Ba3 Qb6 32.Qa4+ Qb5 33.Qd4 Nxf4 34.exd5 Nxd5 35.Ne4 Kd8 36.Nd6 Qd7
37.Rxc8+ Qxc8 38.Nxc8 Kxc8 39.Qa7  1-0

[Event "1st SCS GM Open"]
[Site "Bhubaneswar IND"]
[Date "2009.06.07"]
[Round "1"]
[White "Suwal,S"]
[Black "Rychagov,A"]
[Result "0-1"]
[WhiteElo "1943"]
[BlackElo "2530"]

1.e4 c5 2.Nf3 e6 3.d4 cxd4 4.Nxd4 a6 5.Nc3 Qc7 6.Be3 Nf6 7.Be2 Bb4 8.Qd3 Bxc3+
9.bxc3 Nxe4 10.Qxe4 Qxc3+ 11.Bd2 Qxa1+ 12.Bd1 Nc6 13.Nxc6 dxc6 14.Qb4 Qe5+
15.Be3 c5 16.Qxc5 Qxc5 17.Bxc5 Bd7 18.O-O Rc8 19.Bb4 f6 20.c3 Kf7 21.Bb3 Bb5
22.Re1 Bc4 23.Rd1 Bxb3 24.Rd7+ Kg6 25.axb3 Rhd8 26.Rxd8 Rxd8 27.g3 b6 28.Kf1 a5
29.Ba3 Rd3 30.Bb2 Rd1+ 31.Ke2 Rb1  0-1

[Event "ch-Mayo Nacional"]
[Site "Buga COL"]
[Date "2009.06.07"]
[Round "8"]
[White "Lotero,F"]
[Black "Ruiz Aguilar,P"]
[Result "0-1"]
[WhiteElo "2088"]
[BlackElo "2212"]

1.e4 c5 2.Nf3 e6 3.d4 cxd4 4.Nxd4 a6 5.Nc3 Qc7 6.g3 b5 7.Bg2 Bb7 8.O-O Nf6
9.Re1 d6 10.Bg5 Nbd7 11.Qe2 Be7 12.a4 b4 13.Na2 a5 14.Nb5 Qb8 15.c3 bxc3
16.Naxc3 O-O 17.Red1 h6 18.Bxf6 Nxf6 19.Rd2 Rc8 20.Rad1 Ne8 21.e5 d5 22.Qh5 g6
23.Qe2 Ng7 24.Rc2 Rc5 25.Rdc1 Qf8 26.Qd2 Nf5 27.Ne2 Rxc2 28.Rxc2 Bb4 29.Qc1 Rd8
30.Rc7 Ba6 31.Bf1 Rc8 32.Nf4 Bc5 33.Nd3 Rxc7 34.Nxc7 Bxd3 35.Bxd3 Nd4 36.Kg2 Bb6
37.Nb5 Qc5 38.Qxc5 Bxc5 39.f4 Nc6 40.Kf3 Nb4 41.Bf1 Kf8 42.h3 Ke7 43.Be2 f6
44.exf6+ Kxf6 45.Nc7 Nc6 46.Bd3 Nd4+ 47.Kg2 g5 48.Nb5 Nc6 49.Kf3 gxf4 50.gxf4 Nb4
51.Bh7 Kg7 52.Bb1 Bb6 53.Nc3 Bd4 54.Nd1 Nc6 55.Ba2 Nb4 56.Bb1 Kf6 57.Bh7 Na6
58.Ke2 Nc5 59.Bc2 Ke7 60.Nc3 Bxc3 61.bxc3 Kd6 62.Kf3 Nd7 63.Ke3 Kc5 64.Bd3 Nf6
65.h4 Ng8 66.Bb5 Nf6 67.Bd3 Ne8 68.Bb5 Nd6 69.Bd3 Nf5+ 70.Bxf5 exf5 71.h5 Kc4
72.Kd2 Kb3 73.Kd3 Kxa4 74.c4 Kb4  0-1

[Event "XLIV Capablanca Memorial Open"]
[Site "Havana CUB"]
[Date "2009.06.08"]
[Round "1"]
[White "Figueroa,J"]
[Black "Guerra Tulcan,L"]
[Result "0-1"]
[WhiteElo "1780"]
[BlackElo "2343"]

1.e4 c5 2.Nf3 e6 3.d4 cxd4 4.Nxd4 a6 5.Nc3 Nc6 6.Be2 Qc7 7.O-O Nf6 8.Kh1 b5
9.a3 Bb7 10.f4 d6 11.Be3 Na5 12.e5 dxe5 13.fxe5 Qxe5 14.Bf4 Qc5 15.Nb3 Nxb3
16.cxb3 Be7 17.Rc1 Qb6 18.Qd3 O-O 19.Qg3 Ne8 20.Be3 Qd8 21.Rfd1 Bd6 22.Bf4 Bxf4
23.Qxf4 Qf6 24.Qg3 Qg6 25.Qxg6 hxg6 26.Rd7 Bc6 27.Bf3 Bxf3 28.gxf3 Nf6 29.Rc7 Rfd8
30.Rc2 Rd3 31.Kg2 Rad8 32.b4 Rd2+ 33.Ne2 Rxc2 34.Rxc2 Rd6 35.b3 Nd5 36.Kf2 e5
37.Rd2 Rd7 38.Nc3 Nb6 39.Rxd7 Nxd7 40.a4 bxa4 41.bxa4 Kf8 42.Nd5 Nb8 43.Ke3 Ke8
44.Kd3 Kd7 45.Kc4 Kd6 46.b5 axb5+ 47.axb5 Nd7 48.Nc3 f5 49.Kb4 g5 50.h3 g6
51.Kc4 Nc5 52.Nd5 Ne6 53.b6 Nd8 54.Nb4 Nc6 55.Nxc6 Kxc6 56.b7 Kxb7 57.Kd5 e4
58.fxe4 f4 59.e5 f3  0-1

[Event "1st SCS GM Open"]
[Site "Bhubaneswar IND"]
[Date "2009.06.09"]
[Round "4"]
[White "Vorobiov,E"]
[Black "Maheswaran,P"]
[Result "1-0"]
[WhiteElo "2596"]
[BlackElo "2340"]

1.e4 c5 2.Nf3 e6 3.Nc3 a6 4.d4 cxd4 5.Nxd4 Qc7 6.Bd3 Nc6 7.Nxc6 dxc6 8.O-O e5
9.Be3 Nf6 10.Na4 Nd7 11.c4 b5 12.cxb5 axb5 13.Nc3 Bc5 14.Rc1 Bxe3 15.Nxb5 Qb8
16.Rxc6 O-O 17.fxe3 Rxa2 18.Bc4 Rxb2 19.Rxf7 Rxf7 20.Bxf7+ Kh8 21.Na7 Rb1
22.Rxc8+ Qxc8 23.Qxb1 Qc5 24.Be6 Qxe3+ 25.Kh1 Nf8 26.Nc6 Qc5 27.Bd5 Qc3 28.h3 h5
29.Qf1 Ng6 30.Qf5 Qe1+ 31.Kh2 Nf4 32.Qf8+ Kh7 33.Qg8+ Kh6 34.Qh8+  1-0

[Event "XLIV Capablanca Memorial Open"]
[Site "Havana CUB"]
[Date "2009.06.10"]
[Round "3"]
[White "Gutierrez,L"]
[Black "Miranda Mesa,E"]
[Result "0-1"]
[WhiteElo "1899"]
[BlackElo "2321"]

1.e4 c5 2.Nf3 e6 3.Nc3 a6 4.d4 cxd4 5.Nxd4 b5 6.a3 Bb7 7.Bd3 Qc7 8.O-O Nf6
9.Kh1 d6 10.f4 Nbd7 11.Bd2 Be7 12.Qe1 O-O 13.Rf3 Nc5 14.b4 Nxd3 15.Rxd3 Rac8
16.Rh3 Nd7 17.Qe2 Rfe8 18.Qh5 Nf8 19.Rf1 Bf6 20.Nce2 Qd7 21.e5 g6 22.Qg4 dxe5
23.fxe5 Bxe5 24.Nf3 f5 25.Qh4 Bxf3 26.Rhxf3 Rxc2 27.Qe1 Bg7 28.Ng3 e5 29.Qd1 Rec8
30.R1f2 Ne6  0-1

[Event "XLIV Capablanca Memorial Open"]
[Site "Havana CUB"]
[Date "2009.06.10"]
[Round "3"]
[White "Otazo,A"]
[Black "Figueroa,Marc"]
[Result "0-1"]
[WhiteElo "1953"]
[BlackElo "2195"]

1.e4 c5 2.Nf3 e6 3.d4 cxd4 4.Nxd4 a6 5.Nc3 b5 6.Be3 Bb7 7.Be2 Qc7 8.f4 Bc5
9.Bf3 Ne7 10.O-O Nbc6 11.Kh1 d6 12.Qd2 O-O 13.Rad1 Na5 14.Bf2 Nc4 15.Qc1 Rac8
16.Nce2 e5 17.b3 Nb6 18.fxe5 dxe5 19.Nf5 Nxf5 20.Bxc5 Qxc5 21.exf5 Bxf3 22.gxf3 Qxc2
23.Qg5 f6 24.Qe3 Qc5 25.Qe4 Rfd8 26.Rc1 Qd6 27.Rxc8 Rxc8 28.Rg1 Qc6 29.Qg4 Qd7
30.Ng3 Qf7 31.Nh5 Rc7 32.Nxg7 Kh8 33.Ne6 Rd7 34.Qe4 Nd5 35.Qc2 Qe8 36.Qc6 Ne7
37.Qxa6 Nxf5 38.Nc5 Rf7 39.Ne4 Qf8 40.Qxb5 Nd4 41.Qd3 f5 42.Ng5 Rg7 43.h4 Qa8
44.Kh2 h6 45.Rg3 hxg5 46.h5 Qxa2+ 47.Rg2 Qxb3 48.Qxb3 Nxb3 49.Rb2 Nd4 50.Kg3 Kh7
51.Rb6 Ne2+ 52.Kf2 Nf4 53.Rf6 g4 54.fxg4 fxg4  0-1

[Event "TCh-BUL w"]
[Site "Sunny Beach BUL"]
[Date "2009.06.10"]
[Round "3"]
[White "Bednikova,S"]
[Black "Pionova,S"]
[Result "0-1"]
[WhiteElo "2091"]
[BlackElo "2034"]

1.e4 c5 2.Nf3 e6 3.d4 cxd4 4.Nxd4 a6 5.Nc3 Qc7 6.g3 Nf6 7.Bg2 d6 8.O-O Be7
9.a4 Nc6 10.Nde2 O-O 11.h3 b6 12.Kh2 Bb7 13.f4 Rfe8 14.g4 Bf8 15.Ng3 Nb4
16.g5 Nd7 17.Be3 d5 18.exd5 exd5 19.Bd4 Nc5 20.Be5 Rxe5 21.fxe5 Qxe5 22.Rf5 Qc7
23.Nxd5 Nxd5 24.Bxd5 Ne4 25.Bxe4 Bxe4 26.Rf2 Bc5 27.Rd2 Bc6 28.Qg4 Re8 29.Rad1 g6
30.b3 Re3 31.Rd8+ Kg7 32.R1d7 Re1 33.Rd1 Bg1+  0-1

[Event "Maia Chiburdanidze Cup"]
[Site "Tbilisi GEO"]
[Date "2009.06.10"]
[Round "6"]
[White "Andriasian,S"]
[Black "Rizhamadze,P"]
[Result "1-0"]
[WhiteElo "2235"]
[BlackElo "1991"]

1.e4 c5 2.Nf3 e6 3.d4 cxd4 4.Nxd4 a6 5.Nc3 Qc7 6.a3 Nf6 7.Be2 Be7 8.O-O Nc6
9.Be3 d6 10.f4 Bd7 11.Nb3 b5 12.Bf3 Rc8 13.Qe2 O-O 14.Qf2 Qb8 15.g4 Bd8 16.g5 Ne8
17.Bg4 f6 18.Qg3 Bb6 19.h4 f5 20.exf5 exf5 21.Bh3 Nc7 22.Bg2 Rfe8 23.Bxb6 Qxb6+
24.Qf2 Qb8 25.Rad1 Ne6 26.Nd5 Rcd8 27.Nb6 Qc7 28.Nxd7 Rxd7 29.Bd5 Rde7 30.Qf3 Nd8
31.Nd4 g6 32.c4 Kh8 33.Qc3 Qb6 34.Rf2 bxc4 35.Qxc4 Rc7 36.Qb3 Qxb3 37.Bxb3 Rb7
38.Ba2 Nc5 39.Bb1 Kg8 40.Kf1 Nce6 41.Re1 Kf7 42.Ba2 Rbe7 43.Rfe2  1-0

[Event "XLIV Capablanca Memorial Open"]
[Site "Havana CUB"]
[Date "2009.06.11"]
[Round "4"]
[White "Espinosa,E"]
[Black "Ortiz,Na"]
[Result "1-0"]
[WhiteElo "2395"]
[BlackElo "2248"]

1.e4 c5 2.Nf3 e6 3.d4 cxd4 4.Nxd4 a6 5.Nc3 Qc7 6.g3 Nf6 7.Bg2 Be7 8.O-O d6
9.Be3 O-O 10.f4 Nc6 11.Nb3 Nd7 12.Qe2 b5 13.a3 Bb7 14.g4 Rfe8 15.g5 Bf8 16.Qf2 Ne7
17.Rad1 Rac8 18.Nd4 Qb8 19.f5 exf5 20.exf5 Ne5 21.Qg3 Rxc3 22.bxc3 Nd5 23.Bc1 Nb6
24.Nf3 Nbc4 25.Nxe5 Nxe5 26.Bf4 Bxg2 27.Qxg2 g6 28.fxg6 hxg6 29.Qd5 Qc7 30.Kh1 Re6
31.Rd2 Qxc3 32.Re2 Qc4 33.Qxc4 Nxc4 34.Rxe6 fxe6 35.Bc1 Be7 36.Kg2 d5 37.Rf3 e5
38.Rd3 Nb6 39.Bb2 e4 40.Rh3 Bxg5 41.Rg3 Nc4 42.Rxg5 Nxb2 43.Rxg6+ Kf7 44.Rxa6 Nc4
45.Kf2 d4 46.Ke2  1-0

[Event "XLIV Capablanca Memorial Open"]
[Site "Havana CUB"]
[Date "2009.06.11"]
[Round "4"]
[White "Hernandez,Z"]
[Black "Mencos,C"]
[Result "1/2-1/2"]
[WhiteElo "2043"]
[BlackElo "1899"]

1.e4 c5 2.Nf3 e6 3.Nc3 a6 4.d4 cxd4 5.Nxd4 Qc7 6.Bd3 Nc6 7.Nb3 Nf6 8.O-O b5
9.Qe2 Be7 10.f4 d6 11.Be3 O-O 12.a3 Bb7 13.g4 Nd7 14.g5 Rfe8 15.Qh5 Nf8 16.f5 Ne5
17.f6 Bd8 18.Nd4 Nfg6 19.Nde2 Qc6 20.Nd4 Qd7 21.Nde2 Qc6 22.Ng3 Bb6 23.Qe2 Rad8
24.Nh5 Bxe3+ 25.Qxe3 Ng4 26.Qg3 Qc5+  1/2-1/2